000
00293nam a2200121Ia 4500
008
191201s2018 xx 000 0 und d
100
_a
Moinikunta, Sreeramulu
245
0
_a
Production Technology vol I
260
_b
wiley pub.
_c
2018
300
_a
370
650
_a
B.Tech(ME)
942
_2
ddc
_c
BK
999
_c
6850
_d
6850